Stata longitudinal-data/panel-data reference manual : (Record no. 13321)

000 -LEADER
fixed length control field 00643cam a2200205 a 4500
020 ## - INTERNATIONAL STANDARD BOOK NUMBER
ISBN 9781597180962
020 ## - INTERNATIONAL STANDARD BOOK NUMBER
ISBN 1597180963
040 ## - CATALOGING SOURCE
Transcribing agency DLC
082 ## - DEWEY DECIMAL CLASSIFICATION NUMBER
Classification number 330 STA 2011 A013 Or.
245 00 - TITLE STATEMENT
Title Stata longitudinal-data/panel-data reference manual :
Remainder of title release 12.
246 14 - VARYING FORM OF TITLE
Title proper/short title Stata release 12 : longitudinal data/panel data
246 18 - VARYING FORM OF TITLE
Title proper/short title Stata 12 : longitudinal data/panel data
260 ## - PUBLICATION, DISTRIBUTION, ETC. (IMPRINT)
Place of publication College Station, Tex. :
Name of publisher StataCorp LP,
Year of publication c2011.
300 ## - PHYSICAL DESCRIPTION
Number of Pages iii, 570 p. :
Other physical details ill. ;
Dimensions 24 cm.
500 ## - GENERAL NOTE
General note "A Stata Press publication."
650 #0 - SUBJECT ADDED ENTRY--TOPICAL TERM
Topical Term Longitudinal method
650 #0 - SUBJECT ADDED ENTRY--TOPICAL TERM
Topical Term Panel analysis
710 2# - ADDED ENTRY--CORPORATE NAME
Corporate name or jurisdiction name as entry element StataCorp LP.
942 ## - ADDED ENTRY ELEMENTS (KOHA)
Koha item type សៀវភៅភាសាអង់គ្លេស
952 ## - LOCATION AND ITEM INFORMATION (KOHA)
Withdrawn status [LOCAL, KOHA] 0
Holdings
Permanent Location Date acquired Koha item type Lost status Shelving location Barcode Current Location Full call number
Library Block A2017-08-23សៀវភៅភាសាអង់គ្លេស A013A21168Library Block A330 STA 2011 A013 Or.
មជ្ឈមណ្ឌលឯការនៃសាកលវិទ្យាល័យភូមិន្ទកសិកម្មចំការដូង

Powered by Koha